| 000 | 02241nam a2200361 i 4500 | ||
|---|---|---|---|
| 001 | 000048805 | ||
| 003 | DO-SdBNP | ||
| 005 | 20231213132557.0 | ||
| 008 | 190412s2016 dr ad 000 0 spa d | ||
| 020 | _a9789945904505 | ||
| 040 |
_aDO-SdBNP _bspa _cBNPHU _erda |
||
| 082 | 4 |
_a337.7293051 _bG261c _222 |
|
| 100 | 1 |
_aGatón Rosa, Iván Ernesto _922520 _eautor |
|
| 245 | 1 | 0 |
_aChina-Rep. Dominicana : _brelaciones económicas internacionales / _cIván Ernesto Gatón Rosa ; prólogo Miguel Antonio Rodríguez Cabrer ; presentación Francisco Luis Pérez Exposito. |
| 246 | _aChina-República Dominicana : relaciones económicas internacionales | ||
| 264 |
_aSanto Domingo : _bImprenta y Más, _c2016. |
||
| 300 |
_a112 páginas : _bil., gráficas., tablas ; _c21 cm. |
||
| 336 |
_2rdacontent _atexto _btxt |
||
| 337 |
_2rdamedia _asin mediación _bn |
||
| 338 |
_2rdacarrier _avolumen _bnc |
||
| 500 | _aIncluye referencias bibliográficas y notas al pie de las páginas | ||
| 500 | _aIncluye datos biográficos del autor en la solapa de la cubierta | ||
| 504 | _aBibliografía : p. 103-105 | ||
| 505 | 0 |
_aDedicatoria -- _tAspectos introductorios -- _gCapítulo I _tGeneralidades sobre promoción de las exportaciones y de las inversión extranjera -- _gCapítulo II _tLas relaciones de la República Dominicana con la República Popular China y la República de China (Taiwán) -- _gCapítulo III _tLa etrategia nacional de desarrollo y sus implicaciones en la política exterior, de promoción de exportaciones y de inversión con uno de los principales mercados y megapotencia financiera del planeta -- _gCapítulo IV _tAcciones realizadas por la República Dominicana para promover sus exportaciones y captar inversión de la República Popular China en el período 2010-2015 -- |
|
| 590 | _aInventariado, 2019/LP | ||
| 650 | 4 | _aEconomía internacional | |
| 651 | 4 |
_aRepública Dominicana _xRelaciones económicas exteriores _zChina _974704 |
|
| 651 | 4 |
_aChina _xRelaciones económicas exteriores _zRepública Dominicana _984045 |
|
| 700 | 1 |
_aPérez Expósito, Francisco Luis, _epresentación _976258 |
|
| 700 | 1 |
_aRodríguez Cabrer, Miguel Antonio, _epról. _92259 |
|
| 910 | _aValidado. Control de calidad MFF | ||
| 942 |
_2ddc _cLBS1 |
||
| 999 |
_c48293 _d48293 |
||